000 00423cam a2200169ua 4500
020 _c17.50
041 _aeng
_h
082 _a581.5
_bJON/PL
100 _aJones , Hemlyn G .
245 _aPlants and microclimate /
_cG Hemlyn Jones.
_hTextual Documents
260 _a :
_bCambridge at the University Press ,
_c1997.
300 _a323 ; .
365 _a17.50
504 _a
942 _cBK
999 _c3172
_d3172